Business ethics at work (Record no. 77893)

MARC details
000 -LEADER
fixed length control field 00995nam a2200217 a 4500
008 - FIXED-LENGTH DATA ELEMENTS--GENERAL INFORMATION
fixed length control field 120416s1995 ||||||||||||||||| || u
020 ## - INTERNATIONAL STANDARD BOOK NUMBER
International Standard Book Number 0521405688
050 ## - LIBRARY OF CONGRESS CALL NUMBER
Classification number HF 5387 Val
100 ## - MAIN ENTRY--PERSONAL NAME
Personal name Vallance, Elizabeth (Elizabeth M.)
245 10 - TITLE STATEMENT
Title Business ethics at work
260 ## - PUBLICATION, DISTRIBUTION, ETC.
Place of publication, distribution, etc. Cambridge
Name of publisher, distributor, etc. Cambridge University Press
Date of publication, distribution, etc. 1995
300 ## - PHYSICAL DESCRIPTION
Extent xi, 191 p.
350 ## -
-- 0.00
500 ## - GENERAL NOTE
General note Bibliography.
650 ## - SUBJECT ADDED ENTRY--TOPICAL TERM
Topical term or geographic name entry element BUSINESS ETHICS
650 ## - SUBJECT ADDED ENTRY--TOPICAL TERM
Topical term or geographic name entry element Management - Moral and ethical aspects
650 #0 - SUBJECT ADDED ENTRY--TOPICAL TERM
Topical term or geographic name entry element BUSINESS
995 ## -
-- MAIN LIBRARY OPEN ACCESS
-- 0.00
-- 728432
-- CBU-MAIN LIBRARY (Kitwe)
-- 3
-- 105.00
-- HF 5387 Val
-- 2
-- AVAILABLE
-- 026066
-- Main Library Open Access Collection
995 ## -
-- MAIN LIBRARY OPEN ACCESS
-- 0.00
-- 728431
-- CBU-MAIN LIBRARY (Kitwe)
-- 2
-- 105.00
-- HF 5387 Val
-- 1
-- AVAILABLE
-- 026065
-- Main Library Open Access Collection
995 ## -
-- ANNEX COLLECTION (Main Library)
-- 0.00
-- 728433
-- CBU-MAIN LIBRARY (Kitwe)
-- 1
-- 105.00
-- HF 5387 Val
-- 3
-- AVAILABLE
-- 026136
-- Annex Low-Usage Collection
999 ## -
-- 77893
-- 77893
Holdings
Withdrawn status Lost status Source of classification or shelving scheme Damaged status Not for loan Permanent Location Current Location Shelving location Date acquired Total Checkouts Full call number Barcode Date last seen Copy number Price effective from Koha item type
          CBU-MAIN LIBRARY, KITWE. CBU-MAIN LIBRARY, KITWE.   05/03/2023   HF 5387 Val 026066 05/03/2023 1 05/03/2023 MONOGRAPH
          CBU-MAIN LIBRARY, KITWE. CBU-MAIN LIBRARY, KITWE.   05/03/2023   HF 5387 Val 026065 05/03/2023 2 05/03/2023 MONOGRAPH
          CBU-MAIN LIBRARY, KITWE. CBU-MAIN LIBRARY, KITWE.   05/03/2023   HF 5387 Val 026136 05/03/2023 3 05/03/2023 MONOGRAPH